Greatest Enemies of Turkey - Statistics

General Stats
  • This quiz has been taken 45 times
  • The average score is 17 of 20
Answer Stats
Hint Enemy % Correct
Ottomans failed to capture Vienna in 1683 — the capital city of this empire Holy Roman Empire
98%
Turkey invaded this island country in 1974 Cyprus
95%
Napoleon failed to conquere Ottoman Egypt France
95%
Balkan country captured Edirne in the First Balkan War Bulgaria
93%
Turkey defeated this country during the Independence War Greece
93%
Arab country Turkey invaded in 2015 Syria
93%
Turkey invaded this country to fight the Kurds Iraq
91%
Another member of the Balkan League in the First Balkan War Serbia
91%
The Young Turks organized the genocide of this Caucasian nation during the WWI Armenia
89%
This country took Libya from Turkey Italy
89%
This Shia empire was the major rival of the Turks in the Middle East Persia
89%
This country liberated the Balkan nations from the Ottomans Russia
89%
This country briefly helped Greece to gain independence from Turks United Kingdom
89%
Small Slavic principality that also was a member of the Balkan League Montenegro
82%
Ottoman Empire led this empire to the downfall by besieging Constantinople Byzantine Empire
80%
Being an Muslim country, Turkey briefly condemns this country Israel
80%
This kingdom was last big conquere of Ottomans in Europe Hungary
77%
This country's troops won Turks in the Battle of Vienna and stopped their conqests in Europe Poland
64%
Ottomans took Cyprus and Candia from this merchant republic Venice
57%
Count Vlad was briefly known for impaling Turks Wallachia
55%
No matching quizzes found
Score Distribution
Percent of People with Each Score
Percentile by Number Answered
Your Score History
You have not taken this quiz